000 01389nam a2200361 i 4500
001 ELB267587
003 FINmELB
005 20250326043036.0
006 m o d |
007 cr cnu||||||||
008 240701s2023 mx a o 000 0 spa d
020 _a9786075645667
020 _z9786075643694
035 _a(OCoLC)1449570334
040 _aFINmELB
_bspa
_erda
_cFINmELB
050 4 _aJL1298.A3
_bP36 2023
080 _a32(72)
082 0 4 _a324.27204
_223
245 0 3 _aEl PAN :
_bdoce años de gobierno /
_cAna Covarrubias Velasco, compiladora.
264 1 _aCiudad de México :
_bEl Colegio de México,
_c2023.
300 _a1 recurso en línea :
_bilustraciones
336 _atexto
_btxt
_2rdacontent/spa
337 _acomputadora
_bc
_2rdamedia/spa
338 _arecurso en línea
_bcr
_2rdacarrier/spa
588 _aDescripción basada en metadatos suministrados por el editor y otras fuentes.
590 _aRecurso electrónico. Santa Fe, Arg.: elibro, 2024. Disponible vía World Wide Web. El acceso puede estar limitado para las bibliotecas afiliadas a elibro.
610 2 4 _aPartido Accion Nacional (México)
_xCrítica e interpretación.
651 4 _aMéxico
_xPolítica y gobierno.
655 4 _aLibros electrónicos.
700 1 _aCovarrubias Velasco, Ana,
_eeditor.
797 2 _aelibro, Corp.
856 4 0 _uhttps://elibro.net/ereader/usam/267587
999 _c139439
_d139439